000 00441nam a22001337a 4500
008 110506t xxu||||| |||| 00| 0 eng d
020 _a0406093326
082 _a348,041
245 _aThe Law Reports Kings Bench Division 1928 Vol 1 /
260 _aLondon:
_bButterworths & co ltd.
_c1974.
300 _av;
942 _2ddc
_cBK
999 _c1265
_d1265